| 000 -ლიდერი |
| ფიქსირებული სიგრძის საკონტროლო ველი |
01306nam a2200217Ia 4500 |
| 001 - საკონტროლო ნომერი |
| საკონტროლო ველი |
13037 |
| 003 - საკონტროლო ნომრის იდენტიფიკატორი |
| საკონტროლო ველი |
GE_BSU |
| 005 - ბოლო ოპერაციის თარიღი და დრო |
| საკონტროლო ველი |
20240711121638.0 |
| 008 - ფიქსირებული სიგრძის მონაცემთა ელემენტები - ზოგადი ინფორმაცია |
| ფიქსირებული სიგრძის საკონტროლო ველი |
181216s2014||||ge |||||||||||||| ||geo|| |
| 040 ## - კატალოგიზაციის წყარო |
| Transcribing agency |
GE_BSU |
| 041 ## - ენის კოდი |
| Language code of text/sound track or separate title |
geo |
| 080 ## - უნივერსალური ათობითი კლასიფიკაციის ინდექსი |
| Universal Decimal Classification number |
336.14(479):353(479.223) ძ-71 |
| 100 ## - მთავარი ჩანაწერი - პიროვნების სახელი |
| Personal name |
ძნელაძე, ლედი |
| 9 (RLIN) |
22804 |
| 245 ## - ცნობა სათაურის შესახებ |
| Title |
საბიუჯეტო ურთიერთობათა სრულყოფის საკითხები ცენტრსა და რეგიონს შორის გარდამავალ პერიოდში(აჭარის ავტონომიური რესპუბლიკის მაგალითზე) : |
| Remainder of title |
მონოგრაფია / |
| Statement of responsibility, etc |
ლედი ძნელაძე. |
| 264 ## - წარმოების, გამოცემის, დისტრიბუციის და სხვა ცნობები |
| გამოცემის, წარმოების, დისტრიბუციის... ადგილი |
ბათუმი : |
| გამოცემის, წარმოების, დისტრიბუციის... სახელწოდება |
შპს ”ოფსეტი”, |
| გამოცემის, წარმოების, დისტრიბუციის... თარიღი |
2011. |
| 300 ## - ფიზიკური აღწერა |
| Extent |
129 გვ. ; |
| Dimensions |
20 სმ. |
| 520 ## - SUMMARY, ETC. |
| Summary, etc |
რეზიუმე ინგლისურ ენაზე |
| 653 ## - INDEX TERM--UNCONTROLLED |
| Uncontrolled term |
საბიუჯეტო ურთიერთობათა სრულყოფის საკითხები ცენტრსა და რეგიონს შორის გარდამავალ პერიოდში |
| 653 ## - INDEX TERM--UNCONTROLLED |
| Uncontrolled term |
მონოგრაფია |
| 942 ## - ADDED ENTRY ELEMENTS (KOHA) |
| Koha item type |
წიგნი |
| Source of classification or shelving scheme |
|